Football players who have played for Chelsea and Liverpool - Statistics

General Stats
  • This quiz has been taken 1,725 times
    1,084 since last reset
  • The average score is 6 of 18
Answer Stats
Years at Chelsea Years at Liverpool Player % Correct
2011-2014 2007-2011 Fernando Torres
82%
2022-2026 2012-2015 Raheem Sterling
71%
2014-2016 2017-present Mohamed Salah
69%
2009-2013 2013-2019 Daniel Sturridge
63%
2003-2010 2010-2013 Joe Cole
48%
2008-2012 2001-2002 (loan) Nicolas Anelka
47%
2010-2013 2007-2010 Yossi Benayoun
40%
2011-2012 2010-2011 Raul Meireles
39%
2012-2021 2013-2014 (loan) VIctor Moses
35%
2003-2007 2009-2015 Glen Johnson
34%
2014-2017 2017-2019 Dominic Solanke
24%
2001-2004 2005-2007 Boudewijn Zenden
14%
2009-2011 2012-2015 Fabio Borini
13%
1982-1985 1975-1978 Joey Jones
6%
1982-1987 1991 David Speedie
5%
1983-1987,1992-1996 1987-1989 Nigel Spackman
5%
1966-1967 1967-1968 Tony Hateley
2%
1938-1946 1931-1938 Alf Hanson
1%
No matching quizzes found
Score Distribution
Percent of People with Each Score
Percentile by Number Answered
Your Score History
You have not taken this quiz since the last reset